000 00725nam a2200229 a 4500
003 OSt
005 20130703190011.0
008 130703s1995 sz ||||| |||| 00| 0 spa d
020 _a92 4 320858 6
040 _cBiblioteca Medicina
041 _aspa
082 _aOMS IT 858
110 _aBiblioteca Medicina
_92494
245 0 0 _aComite de Expertos de la OMS en patrones biologicos.
_b45° Informe
250 _a1° ed.
260 _aGinebra
_bOrganizacion Mundial de la Salud
_c1995
300 _a120 p.
440 0 0 _aInformes Tecnicos
_n858
_92495
653 _aPRODUCTOS BIOLOGICOS-NORMAS
942 _2ddc
_cPH
999 _c1561
_d1561
952 _pH0080
_40
_00
_bBFM
_10
_oOMS IT 858
_d2013-07-03
_tEj. 1
_8NFIC
_70
_cCR
_2ddc
_yPH
_aBFM